Über die Einladung schlesischer Vasallen zur Hochzeit des Prinzen von Preußen i. J. 1765

Titel: Über die Einladung schlesischer Vasallen zur Hochzeit des Prinzen von Preußen i. J. 1765 / von Konrad Wutke
Verfasser:
In: Verein für Geschichte Schlesiens: Zeitschrift des Vereins für Geschichte Schlesiens, Band 42 (1908), Seite 295-303
alle Artikel anzeigen
Veröffentlicht: 1908
Format: Aufsatz
Sprache: Deutsch
Kein Bild verfügbar
X
Lokale Klassifikation: 14 7 H
alg: 13341782
001A    $03004:13-10-05 
001B    $01999:22-03-21 $t20:18:34.000 
001C    $06050:09-11-07 $t13:05:33.000 
001D    $03004:13-10-05 
001U    $0utf8 
001X    $00 
002@    $0Aou 
003@    $0133417824 
007A    $0133417824 $aHEB 
007T    $0Herdhh133417824 
010@    $ager 
011@    $a1908 
021A    $aÜber die Einladung schlesischer Vasallen zur Hochzeit des Prinzen von Preußen i. J. 1765 $hvon Konrad Wutke 
028A    $#Wutke, Conrad $#Wutke, C. $#Wutke, K. $7117347329 $8Wutke, Konrad$Z1861-1951 [Tp1] $9151149488 
031A    $d42 $h295-303 $j1908 
039B    $aIn $8--Abvc--Verein für Geschichte Schlesiens [Tb1]. Zeitschrift des Vereins für Geschichte Schlesiens. - Breslau : Trewendt & Garnier, 1906-1943 $x190800000420000705 $9047252138 
045F    $a900.9438509032 $eDDC23BSB 
045F/01 $a900 
045F/03 $f09032 
045F/03 $f9033 
045F/03 $f9034 
045F/03 $g4385 
045T    $a9,10 

lok: 13341782 24
101B    $013-10-05 $t16:12:25.000 
101C    $013-10-05 
145Z/01 $a14 7 H 
101U    $0utf8 

exp: 13341782 24 1 #EPN
201B/01 $013-10-05 $t16:12:25.000 
201C/01 $013-10-05 
203@/01 $0306396513 
208@/01 $a13-10-05 $br 
209A/01 $a14 VII H 13 $du $f050 $h14 7 H 13 $x00 
209C/01 $a956 K 52 $h52 0956 K 
209G/01 $a71199649 $x00 
220C/01 $aKopie 
237A/01 $aS. 303 durch Abschrift ersetzt 
247C/01 $8358050-7 Marburg, Bibliothek des Herder-Instituts Marburg $9102600961 
201U/01 $0utf8 

lok: 13341782 78

exp: 13341782 78 1 #EPN
201B/01 $019-04-17 $t19:51:31.000 
201U/01 $0utf8 
203@/01 $079395777X 
208@/01 $a12-11-16 $be 
209A/01 $a/ $f000 $x00 
237A/01 $aweiterführende Signatur(en): Herder-Institut: 14 VII H 13 
244Z/01 $2Trx $#Silesia $#Śląsk $#Sliezsko $#Slezsko $8--Trx--Schlesien $x01 $9391173987 
245Z/01 $a06.03.03 $x01 
247C/01 $82080>Marburg/Lahn, Herder-Institut, Forschungsbibliothek, Bibliographieportal $9336309341
LEADER 00000caa a2200000 c 4500
001 133417824
003 DE-603
005 20210322201834.0
007 tu
008 051013s1908 xx |||| | u00||u|ger c
035 |a (DE-599)HEB133417824 
040 |a DE-603  |b ger  |c DE-603  |d DE-603 
041 |a ger 
082 0 4 |8 1\u  |a 900.9438509032  |q DE-101  |2 23/BSB 
084 |a 9,10  |2 ssgn 
085 |8 1\u  |b 900 
085 |8 1\u  |z 1  |s 09032 
085 |8 1\u  |z 1  |s 9033 
085 |8 1\u  |z 1  |s 9034 
085 |8 1\u  |z 2  |s 4385 
100 1 |a Wutke, Konrad  |d 1861-1951  |0 (DE-603)151149488  |0 (DE-588)117347329  |2 gnd 
245 0 0 |a Über die Einladung schlesischer Vasallen zur Hochzeit des Prinzen von Preußen i. J. 1765  |c von Konrad Wutke 
264 0 |c 1908 
773 0 8 |i In  |a Verein für Geschichte Schlesiens  |t Zeitschrift des Vereins für Geschichte Schlesiens  |d Breslau : Trewendt & Garnier, 1906-1943  |g Band 42 (1908), Seite 295-303  |w (DE-603)047252138  |w (DE-600)200433-1 
924 0 |9 Mb 50  |a (DE-603)306396513  |b DE-Mb50  |c HES  |d c  |g 14 VII H 13 
924 0 |9 2080  |a (DE-603)79395777X  |b DE-2080  |c HES  |d d  |g /